000 00743nas a2200241 4500
001 BR7307993
003 BR-BrBNA
005 20231205082642.0
007 ta
008 230509b bl.|||p| |||| 00| 00por d
040 _aBR-BrBNA
_bpor
_cBiblioteca Nacional de Agricultura
041 _a(Pt)
072 _aQ10
100 1 _aBleinroth, E.W.
100 1 _aHansen, H.A.
245 1 _aConstrucao de frigorifico para batatas [armazenamento de alimento]
650 _aBATATA
650 _aARMAZENAMENTO DE ALIMENTO
650 _aFRIGORIFICO
773 0 _tBoletim do Instituto de Tecnologia de Alimentos (Brazil)
_xISSN 0366-0281
_g(Mar 1973), (no. 33) p. 57-65
_wBR7307993
909 _a202311
_bLúcia
_c55
_dLúcia Elande
942 _2AGRIS
_n0
_cANA
999 _c93496
_d93496